| 000 | 00596nam a2200217 a 4500 | ||
|---|---|---|---|
| 999 |
_c2509 _d2509 |
||
| 001 | 2509 | ||
| 003 | BD-JhCC | ||
| 005 | 20171104100556.0 | ||
| 008 | 171104s bg |||| ||a| 000 0 ben d | ||
| 035 | _a(BD-JhCC)2509 | ||
| 040 |
_aBD-JhCC _dBD-JhCC |
||
| 041 | _aeng | ||
| 082 |
_a891.443 _bSON 1370 |
||
| 100 | _aশংকর | ||
| 245 |
_aযোগ বিয়োগ গুন ভাগ / _cশংকর |
||
| 260 |
_aঢাকা : _bমেঘনা পাবলিকেশনস, _c1370. |
||
| 300 |
_a176 p. : _c20 cm. |
||
| 650 | _aBengali Novel | ||
| 942 |
_2ddc _cBK |
||